| 000 | 00542nam a2200157Ia 4500 | ||
|---|---|---|---|
| 008 | 180321s2005 xx 000 0 und d | ||
| 082 | _a378.242 UGC | ||
| 245 | _aResearch handbook: Towards nurturing research culture in higher in higher education institutions in India | ||
| 260 |
_aNew Delhi _bUniversity Grants Commission _c2005 |
||
| 300 | _a141 | ||
| 650 | _aCitation indexes | ||
| 650 | _aDevelopment of research | ||
| 650 | _aHigher education | ||
| 650 | _aWriting quality research | ||
| 906 | _aReceived from VC's office 06.10.2017 | ||
| 999 |
_c110778 _d110778 |
||